书目信息 |
| 题名: |
钱学森科技情报工作及相关学术文选
|
|
| 作者: | 史秉能 , 袁有雄 , 卢胜军 编 | |
| 分册: | ||
| 出版信息: | 北京 国防工业出版社 2015 |
|
| 页数: | 325页 | |
| 开本: | 24cm | |
| 丛书名: | ||
| 单 册: | ||
| 中图分类: | G259.2-53 , G350-35 | |
| 科图分类: | ||
| 主题词: | 科技情报工作--文集--学术思想--中国--现代 , 情报学 , 情报工作 | |
| 电子资源: | ||
| ISBN: | 978-7-118-10687-9 | |
| 000 | 01091nam0 2200289 450 | |
| 001 | 2973 | |
| 005 | 20161207150341.81 | |
| 010 | @a978-7-118-10687-9@dCNY60.00 | |
| 100 | @a20160121d2015 em y0chiy50 ea | |
| 101 | 0 | @achi |
| 102 | @aCN@b110000 | |
| 105 | @aa z 000yy | |
| 200 | 1 | @a钱学森科技情报工作及相关学术文选@9qian xue sen ke ji qing bao gong zuo ji xiang guan xue shu wen xuan@f史秉能,袁有雄,卢胜军编 |
| 210 | @a北京@c国防工业出版社@d2015 | |
| 215 | @a325页@c照片@d24cm | |
| 330 | @a本书收录了钱学森有关科技情报工作及相关学术问题的文章、报告、讲话、谈话、书信、批示等各种文稿,是比较全面体现钱学森科技情报学术思想脉络和内容的专业性著作集。 | |
| 600 | 0 | @a钱学森@f(1911-2009)@j文集@x学术思想@x科技情报工作 |
| 606 | 0 | @a科技情报工作@j文集@x学术思想@y中国@z现代 |
| 606 | 0 | @a情报学 |
| 606 | 0 | @a情报工作 |
| 690 | @aG259.2-53@v5 | |
| 690 | @aG350-35@v4 | |
| 701 | 0 | @a史秉能@9shi bing neng@4编 |
| 701 | 0 | @a袁有雄@9yuan you xiong@4编 |
| 701 | 0 | @a卢胜军@9lu sheng jun@4编 |
| 801 | 0 | @aCN@b大连网信软件有限公司图书馆·11@c20161207 |
| 905 | @aZUCC@dG259.2-53@e34 | |
| 钱学森科技情报工作及相关学术文选/史秉能,袁有雄,卢胜军编.-北京:国防工业出版社,2015 |
| 325页:照片;24cm |
| ISBN 978-7-118-10687-9:CNY60.00 |
| 本书收录了钱学森有关科技情报工作及相关学术问题的文章、报告、讲话、谈话、书信、批示等各种文稿,是比较全面体现钱学森科技情报学术思想脉络和内容的专业性著作集。 |
| ● |
| 相关链接 |
|
|
|
|
正题名:钱学森科技情报工作及相关学术文选
索取号:G259.2-53/34
 
预约/预借
| 序号 | 登录号 | 条形码 | 馆藏地/架位号 | 状态 | 备注 |
| 1 | 912323 | 209123232 | 第一样本阅览室/ [索取号:G259.2-53/34] | 在馆 | |
| 2 | 912324 | 209123241 | 第四借阅区/ [索取号:G259.2-53/34] | 在馆 | |
| 3 | 912325 | 209123250 | 第四借阅区/ [索取号:G259.2-53/34] | 在馆 | |
| 4 | 912326 | 209123269 | 第四借阅区/ [索取号:G259.2-53/34] | 在馆 |